00400nam a2200109 4500008001700000082002200017100002600039245003300065260006500098300003600163650009100199769.972.86 H557g a769.972.86bH557g aHernández, Efraín aAdrián Arguedas:bgrabados aCosta RicabLuis Moralegui (diseño y diagramación)c2018 a125 p.bil. (col)c21,5 x 28 cm xgrabado costarricensexartista - grabadoxArguedas Ruano, AdriánxCosta Ricaxdibujo